| 000 | 00393nam a2200121Ia 4500 | ||
|---|---|---|---|
| 008 | 160609s9999 xx 000 0 und d | ||
| 100 | _aLemon, Narelle. | ||
| 245 | _aRevolutionizing Arts Education In K-12 Classrooms Through Technological Integration | ||
| 245 | _cBy:Narelle Lemon | ||
| 260 | _c2015 | ||
| 650 | _xK-12 | ||
| 856 | _uhttp://file.ebook777.com/012/RevArtEduInK12ClaThrTecInt.pdf | ||
| 999 |
_c295912 _d295912 |
||